Europei 2024 - Rosa nazionale: Belgio - Statistics

Statistiche generali
  • Questo quiz è stato fatto 12 volte
  • Il punteggio medio è 9 su 26
Statistiche sulle risposte
# Ruolo Giocatore % Corretto
7 C Kevin De Bruyne
92%
10 A Romelu Lukaku
92%
22 A Jérémy Doku
67%
8 C Youri Tielemans
67%
5 D Jan Vertonghen
58%
17 A Charles De Ketelaere
50%
1 P Koen Casteels
50%
- Allenatore Domenico Tedesco
42%
15 D Thomas Meunier
42%
21 D Timothy Castagne
42%
24 C Amadou Onana
25%
19 A Johan Bakayoko
25%
20 A Loïs Openda
25%
13 P Matz Sels
25%
4 D Wout Faes
25%
3 D Arthur Theate
17%
23 C Arthur Vermeeren
17%
6 C Axel Witsel
17%
14 A Dodi Lukébakio
17%
25 C Maxim De Cuyper
17%
18 C Orel Mangala
17%
11 A Yannick Carrasco
17%
2 D Zeno Debast
17%
9 C Leandro Trossard
8%
12 P Thomas Kaminski
8%
16 C Aster Vranckx
0%
Nessun quiz corrispondente trovato
Distribuzione punteggi
Percentuale di utenti per punteggio
Percentile per numero di risposta
I tuoi punteggi nel tempo
Non hai fatto questo quiz